<?xml version="1.0" encoding="UTF-8"?>
<record
    xmlns:xsi="http://www.w3.org/2001/XMLSchema-instance"
    xsi:schemaLocation="http://www.loc.gov/MARC21/slim http://www.loc.gov/standards/marcxml/schema/MARC21slim.xsd"
    xmlns="http://www.loc.gov/MARC21/slim">

  <leader>00587nam a22001697a 4500</leader>
  <controlfield tag="003">PILC</controlfield>
  <controlfield tag="005">20150112093440.0</controlfield>
  <controlfield tag="008">130129t        xxu||||| |||| 00| 0 eng d</controlfield>
  <datafield tag="020" ind1=" " ind2=" ">
    <subfield code="a">9719222123</subfield>
  </datafield>
  <datafield tag="050" ind1=" " ind2=" ">
    <subfield code="a">LB 2822.84 .P6 </subfield>
    <subfield code="b">.I67 2001  </subfield>
  </datafield>
  <datafield tag="082" ind1=" " ind2=" ">
    <subfield code="a">SFf 371.02 </subfield>
    <subfield code="b">In7 2001</subfield>
  </datafield>
  <datafield tag="100" ind1=" " ind2=" ">
    <subfield code="a">Ledesma-Tan, Genevieve</subfield>
    <subfield code="9">18581</subfield>
  </datafield>
  <datafield tag="245" ind1=" " ind2=" ">
    <subfield code="a">Institutional productivity &amp; school quality through key result areas and rubrics /</subfield>
    <subfield code="c">Genevieve Ledesma-Tan ... [el al.] ;</subfield>
  </datafield>
  <datafield tag="260" ind1=" " ind2=" ">
    <subfield code="a">Las Pinas City : </subfield>
    <subfield code="b">Actum Publications, </subfield>
    <subfield code="c">2001.</subfield>
  </datafield>
  <datafield tag="300" ind1=" " ind2=" ">
    <subfield code="a">256 pages : </subfield>
    <subfield code="b">illustration ;</subfield>
    <subfield code="c">28 cm.</subfield>
  </datafield>
  <datafield tag="942" ind1=" " ind2=" ">
    <subfield code="2">lcc</subfield>
    <subfield code="c">BK</subfield>
  </datafield>
  <datafield tag="999" ind1=" " ind2=" ">
    <subfield code="c">14730</subfield>
    <subfield code="d">14730</subfield>
  </datafield>
  <datafield tag="952" ind1=" " ind2=" ">
    <subfield code="0">0</subfield>
    <subfield code="1">0</subfield>
    <subfield code="2">lcc</subfield>
    <subfield code="4">0</subfield>
    <subfield code="a">SFU</subfield>
    <subfield code="b">SFU</subfield>
    <subfield code="c">SFU</subfield>
    <subfield code="d">2013-09-12</subfield>
    <subfield code="l">0</subfield>
    <subfield code="o">LB 2822.84 .P6  .I67 2001</subfield>
    <subfield code="p">SFU1337</subfield>
    <subfield code="r">2018-05-15 00:00:00</subfield>
    <subfield code="t">1</subfield>
    <subfield code="w">2013-09-12</subfield>
    <subfield code="y">BK</subfield>
  </datafield>
  <datafield tag="952" ind1=" " ind2=" ">
    <subfield code="0">0</subfield>
    <subfield code="1">0</subfield>
    <subfield code="2">lcc</subfield>
    <subfield code="4">0</subfield>
    <subfield code="a">SFU</subfield>
    <subfield code="b">SFU</subfield>
    <subfield code="c">SFU</subfield>
    <subfield code="d">2013-09-12</subfield>
    <subfield code="l">1</subfield>
    <subfield code="o">LB 2822.84 .P6  .I67 2003</subfield>
    <subfield code="p">SFU1338</subfield>
    <subfield code="r">2018-05-15 00:00:00</subfield>
    <subfield code="s">2015-07-07</subfield>
    <subfield code="t">2</subfield>
    <subfield code="w">2013-09-12</subfield>
    <subfield code="y">BK</subfield>
  </datafield>
  <datafield tag="952" ind1=" " ind2=" ">
    <subfield code="0">0</subfield>
    <subfield code="1">0</subfield>
    <subfield code="2">lcc</subfield>
    <subfield code="4">0</subfield>
    <subfield code="a">SFU</subfield>
    <subfield code="b">SFU</subfield>
    <subfield code="c">SFU</subfield>
    <subfield code="d">2013-09-12</subfield>
    <subfield code="l">0</subfield>
    <subfield code="o">LB 2822.84 .P6  .I67 2001</subfield>
    <subfield code="p">SFU1336</subfield>
    <subfield code="r">2018-05-15 00:00:00</subfield>
    <subfield code="t">3</subfield>
    <subfield code="w">2013-09-12</subfield>
    <subfield code="y">BK</subfield>
  </datafield>
</record>
